| 000 | 00000cam 2200000zi 4500 |
| 001 | 9.961045 |
| 003 | CaOODSP |
| 005 | 20260323152027 |
| 006 | m o d f |
| 007 | cr mn||||||||| |
| 008 | 260317e19580715bcc o f000 0 eng d |
| 040 | |aCaOODSP|beng|erda|cCaOODSP |
| 043 | |an-cn-bc |
| 086 | 1 |aFs97-27/19E-PDF |
| 100 | 1 |aStrickland, J. D. H., |eauthor. |
| 245 | 10|aStandard methods of seawater analyses. |nVolume II / |cby J.D.H. Strickland. |
| 264 | 1|aNanaimo, B.C. : |bPacific Oceanographic Group, |cJuly 15, 1958. |
| 300 | |a1 online resource (ii, 78 pages). |
| 336 | |atext|btxt|2rdacontent |
| 337 | |acomputer|bc|2rdamedia |
| 338 | |aonline resource|bcr|2rdacarrier |
| 490 | 1 |aManuscript report series (oceanographic and limnological), |x0527-7566 ; |vno. 19 |
| 500 | |aISSN of series supplied from ISSN Portal. |
| 500 | |a"Programmed by the Canadian Joint Committee on Oceanography." |
| 500 | |aDigitized edition from print [produced by Department of Fisheries and Oceans]. |
| 520 | |a"These six methods continue the series published as Volume I of Standard Methods of Seawater Analyses published July 31, 1957"--Preface, page [i]. |
| 650 | 0|aSeawater|xAnalysis. |
| 650 | 0|aSeawater|zNorth Pacific Ocean. |
| 650 | 6|aEau de mer|xAnalyse. |
| 650 | 6|aEau de mer|zPacifique Nord. |
| 710 | 2 |aFisheries Research Board of Canada. |bJoint Committee on Oceanography, |eissuing body. |
| 710 | 2 |aPacific Oceanographic Group (Canada), |eissuing body. |
| 795 | |tStandard methods of seawater analyses. |bvolume I|w(CaOODSP)9.959039 |
| 830 | #0|aManuscript report series (oceanographic and limnological)|vno. 19.|w(CaOODSP)9.924657 |
| 856 | 40|qPDF|s30.0 MB|uhttps://publications.gc.ca/collections/collection_2026/mpo-dfo/Fs97-27-19-eng.pdf |